000 00701cam a22002054a 4500
005 20250605164158.0
008 250528s ||||||||||||||||||||||||d
035 _a19682
020 _a9600219850
040 _aGR-AtMCL
_bgre
_dGR-AtMCL
_eAACR2
245 1 _aΕΙΣΑΓΩΓΗ ΣΤΟΝ ΤΟΥΡΙΣΜΟ / ΤΟ ΤΟΥΡΙΣΤΙΚΟ ΜΑΝΑΤΖΜΕΝΤ ΣΤΟΝ 21ο ΑΙΩΝΑ
250 _a1
260 _bΠαπαζήση,
_c2003
300 _a460
520 _aΤΟΥΡΙΣΜΟΣ ΑΕΡΟΠΟΡΙΑ ΜΕΤΑΦΟΡΕΣ ΚΑΤΑΛΥΜΑΤΑ ΔΗΜΟΣΙΟΣ ΤΟΜΕΑΣ ΜΕΤΑΤΟΥΡΙΣΜΟΣ
700 1 _aPage Stephen J
_95888
942 _cBK
999 _c4938
_d4938